Casablanca /
Gorde:
| Beste egile batzuk: | , , , , , , , , , |
|---|---|
| Formatua: | |
| Hizkuntza: | italiera |
| Argitaratua: |
[IT] :
Warner Home Video,
c1989
|
| Saila: | Gli scudi
|
| Etiketak: |
Etiketarik gabe, Izan zaitez lehena erregistro honi etiketa jartzen!
|
MARC
| LEADER | 00000ngm a22000007i 4500 | ||
|---|---|---|---|
| 001 | IT\ICCU\UBO\1815415 | ||
| 003 | ItRI | ||
| 005 | 20260124182900.0 | ||
| 008 | 020830s1989 it |||||||||||||||k|||||c | ||
| 040 | |b ita | ||
| 041 | 7 | |a ita |2 ISO-639-2 | |
| 245 | 0 | 0 | |a Casablanca / |c regia di Michael Curtiz ; screenplay by Julius J. Epstein and Philip G. Epstein and Howard Koch ; from a play by Murray Burnett and Joan Alison ; music by Max Steiner. |
| 260 | |a [IT] : |b Warner Home Video, |c c1989 | ||
| 300 | |a 1 videocassetta (VHS) (PAL) (ca. 100 min.) : |b b/n, son | ||
| 500 | |a Interpreti: Humphrey Bogart, Ingrid Bergman, Paul Henreid | ||
| 500 | |a Descrizione basata sul contenitore. | ||
| 700 | 1 | |a Bergman, Ingrid, |d (1915-1982) |0 IT\ICCU\CFIV\002132 | |
| 700 | 1 | |a Koch, Howard |0 IT\ICCU\RAVV\008199 | |
| 700 | 1 | |a Bogart, Humphrey |0 IT\ICCU\RAVV\088434 | |
| 700 | 1 | |a Steiner, Max, |d (1888-1971) |0 IT\ICCU\RAVV\088576 | |
| 700 | 1 | |a Epstein, Julius J., |d (1909-2000) |0 IT\ICCU\RAVV\088911 | |
| 700 | 1 | |a Epstein, Philip G. |0 IT\ICCU\RAVV\088913 | |
| 700 | 1 | |a Curtiz, Michael |0 IT\ICCU\RAVV\089629 | |
| 700 | 1 | |a Henreid, Paul |0 IT\ICCU\RAVV\089630 | |
| 700 | 1 | |a Burnett, Murray |0 IT\ICCU\UBOV\684601 | |
| 700 | 1 | |a Alison, Joan |0 IT\ICCU\UBOV\684602 | |
| 790 | 1 | |a De Forest Bogart, Humphrey |3 IT\ICCU\SBNV\034118 |z Bogart, Humphrey | |
| 830 | 4 | |a Gli scudi |0 IT\ICCU\UFI\0113162 | |
| 942 | |2 ddc |c VM |n 0 | ||
| 952 | |0 0 |1 0 |4 0 |6 VO_8_000000000000000_A |7 0 |9 27486 |a BO |b BO |d 2026-01-24 |i 6147 |l 0 |o VO 8 A |p BO6147 |r 2026-01-24 18:29:00 |w 2026-01-24 |x [Sebina 5] [1 videocassetta] |y VM |z 1 videocassetta | ||
| 999 | |c 23281 |d 23281 | ||